Gandhi’s spinning wheel: The charkha and Its regenerative effects (Record no. 517386)

000 -LEADER
fixed length control field 01139nam a22001577a 4500
008 - FIXED-LENGTH DATA ELEMENTS--GENERAL INFORMATION
fixed length control field 210712b ||||| |||| 00| 0 eng d
100 ## - MAIN ENTRY--PERSONAL NAME
Personal name Menon, Nikhil
245 ## - TITLE STATEMENT
Title Gandhi’s spinning wheel: The charkha and Its regenerative effects
260 ## - PUBLICATION, DISTRIBUTION, ETC. (IMPRINT)
Place of publication, distribution, etc Journal of The History of Ideas
300 ## - PHYSICAL DESCRIPTION
Extent 81(4), Oct, 2020: 643-662
520 ## - SUMMARY, ETC.
Summary, etc This essay interrogates the role of the charkha (spinning wheel) in Mohandas Gandhi’s thought. It argues that spinning deserves to be recognized as belonging in the realm of other high concepts and practices, such as non-violence, that have garnered much more academic attention. The article explores the centrality of the charkha to Gandhi’s ideology, emphasizing underappreciated facets such as its physical, moral, and spiritual effects. Finally, it argues that the versatility of the spinning wheel to Gandhi offers insights into how he conceived of and negotiated the relationship between means and ends in his philosophy. – Reproduced
650 ## - SUBJECT ADDED ENTRY--TOPICAL TERM
Topical term or geographic name as entry element Spinning wheel, History - India
9 (RLIN) 26589
773 ## - HOST ITEM ENTRY
Main entry heading Journal of The History of Ideas
906 ## - LOCAL DATA ELEMENT F, LDF (RLIN)
Subject DIP GANDHI, M.K.
942 ## - ADDED ENTRY ELEMENTS (KOHA)
Item type Articles
Holdings
Withdrawn status Lost status Source of classification or shelving scheme Damaged status Not for loan Permanent location Current location Date acquired Serial Enumeration / chronology Barcode Date last seen Koha item type
          Indian Institute of Public Administration Indian Institute of Public Administration 2021-07-12 81(4), Oct, 2020: 643-662 AR124725 2021-07-12 Articles

Powered by Koha